00258pam a2200121 a 4500020000500000041000800005082000800013100001700021245005000038250001000088260002700098300001100125 c aeng bCHA aCharlton ,F. aTextbook Of Fluid DynamicshTextual Documents a2004. a[s.l]:bCBS Publisher  a399pg.